Witamy w Bibliotece Naukowej Instytutu Łączności!

Coherent Lightwave Communication Systems / (Rekord nr 321)

000 -LEADER
fixed length control field 00331 a2200109 4500
020 ## - INTERNATIONAL STANDARD BOOK NUMBER
International Standard Book Number 0890066124
100 1# - MAIN ENTRY--PERSONAL NAME
Personal name Ryu, Shiro.
Relator term Autor
245 0# - TITLE STATEMENT
Title Coherent Lightwave Communication Systems /
Statement of responsibility, etc Ryu Shiro.
260 ## - PUBLICATION, DISTRIBUTION, ETC. (IMPRINT)
Place of publication, distribution, etc Boston :
Name of publisher, distributor, etc Artech House,
Date of publication, distribution, etc 1995.
300 ## - PHYSICAL DESCRIPTION
Extent XIV, 267 s.:
Other physical details il.;
Dimensions 23 cm.
710 2# - ADDED ENTRY--CORPORATE NAME
Corporate name or jurisdiction name as entry element Artech House.
Relator term Wydawca
Relator code pbl
920 ## -
-- 0-89006-612-4
Egzemplarze
Withdrawn status Lost status Source of classification or shelving scheme Damaged status Not for loan Permanent Location Current Location Shelving location Date acquired Cost, normal purchase price Inventory number Full call number Barcode Date last seen Price effective from Koha item type
          Instytut Łączności Instytut Łączności Magazyn 1997-05-27 292.81 38694 38694 38694 2019-12-03 2017-11-30 Książki

Działa dzięki Koha